Normal view
MARC view
- تقديم جاد الرب، إبراهيم الدسوقي
Entry Personal Name
001 - CONTROL NUMBER
- control field: 46070
003 - CONTROL NUMBER IDENTIFIER
- control field: JO-AjAnu
005 - DATE AND TIME OF LATEST TRANSACTION
- control field: 20230606081621.0
008 - FIXED-LENGTH DATA ELEMENTS
- fixed length control field: 230606|| aca||aabn | a|a d
040 ## - CATALOGING SOURCE
- Original cataloging agency: JO-AjAnu
- Transcribing agency: JO-AjAnu
100 ## - HEADING--PERSONAL NAME
- Personal name: تقديم جاد الرب، إبراهيم الدسوقي
670 ## - SOURCE DATA FOUND
- Source citation: Work cat.: (JO-AjAnu)23584: تقديم جاد الرب، إبراهيم الدسوقي, author, ديوان تميم بن المعز لدين الله الفاطمي